| 000 | 01139nam a22002657a 4500 | ||
|---|---|---|---|
| 005 | 20170407113849.0 | ||
| 008 | 140714b xxu||||| |||| 00| 0 Urdu d | ||
| 010 | _a B-665857 | ||
| 020 |
_a9789350731611 _c200.00 |
||
| 035 | _a B-665857 | ||
| 037 | _bBPPD/Pub/Ven | ||
| 037 | _bPansy Books(Vend.)/Edu. pub. House(Pub.) | ||
| 040 |
_aDPL _bUrdu |
||
| 082 | _a ن | ||
| 100 | _aڈ ا کٹر نعیمہ جعفری پا شا | ||
| 245 |
_aنازش جنون _cڈ ا کٹر نعیمہ جعفری پا شا |
||
| 246 |
_aNazish-e-Junoon _bbyDr. Naima Jafri Pasha |
||
| 260 |
_aد ھلی _bا يجو کيشنل پبليشنگ ہا ؤس _c2013 |
||
| 260 | _bPansy Books(Vender) | ||
| 270 |
_a3108،و کيل اسٹر يٹ ،کو چہ پنڈ ت ،لال کنو ا ن _bد ھلی _e110006 _k23216162،23214465 |
||
| 270 |
_aR2,/66/A Somesh Vihar,Chhawala _bNew Delhi _e110071 _k01125317355 |
||
| 300 |
_a184ص _c22Cm (Hb) |
||
| 942 |
_2ddc _cUR _e _hن _mن ع ی |
||
| 999 |
_c138696 _d138696 |
||